000 02145nam a2200397 i 4500
001 184325
003 ES-MaACL
005 20250806063142.0
008 150619e2015 sp ac c |||| |dspa d
017 _aM 8315-2015
_bOficina Depósito Legal Madrid
020 _a978-84-451-3512-9
080 _a929 Donoso Cortés, Juan (060.64)
080 _a94(460)"18"(060.64)
245 0 0 _aDonoso Cortés, el reto del liberalismo y la revolución :
_b[Sala de Exposiciones El Águila, Archivo Regional de la Comunidad de Madrid, 24 marzo 31-mayo 2015] /
_c[comisario, Carlos Dardé Morales]
260 _aMadrid :
_bComunidad de Madrid,
_c[2015]
300 _aXVII, 259 páginas :
_bilustraciones (blanco y negro y color) ;
_c30 cm
500 _aÍndices
504 _aReferencias bibliográficas
505 0 _aApéndice: Descripción del Archivo Juan Donoso Cortés / Carlos Martín Gavilán y Cecilia García García
520 _aMuestra organizada por la Comunidad de Madrid, con motivo del depósito del archivo privado de Juan Donoso Cortés en el Archivo Regional de la C.M., contribuyendo a investigar y difundir nuestra historia a partir de un fondo documental prácticamente inédito
530 _aDisponible en formato digital
585 _aExposición celebrada en la Sala El Águila del 24 de marzo al 31 de mayo de 2015
600 1 4 _aDonoso Cortés, Juan,
_d1809-1853-
_vExposiciones
_9157088
651 4 _aEspaña-
_xHistoria-
_yS.XIX-
_vExposiciones
_98354
655 7 _aCatálogos de exposiciones
_2tgfbne
_9193628
700 1 _aDardé, Carlos,
_d1945-
_eorm
_942696
700 1 _aMartín Gavilán, Carlos
_eclb
_9241590
700 1 _aGarcía García, Cecilia
_eclb
_9241591
710 2 _aArchivo Regional de la Comunidad de Madrid
_ehis
_9148228
710 1 _aMadrid (Comunidad Autónoma)
_eedt
_95587
852 _aES-MaACL
_bR.150463
_cDEPO1
_dOlim: N-6453
_hDonación Comunidad de Madrid
_jA-13453
_9191321
856 _uhttps://gestiona3.madrid.org/bvirtual/BVCM019187.pdf
_yVersión en línea
_z(PublicaMadrid)
942 _2udc
_cMONOGRAFIA
_n0
999 _c184325
_d184325